logo

Bir Sreshtho Munshi Abdur Rouf Library
Jhenaidah Cadet College

International relations between the two world wars, 1919-1939 / (Record no. 10117)

MARC details
000 -LEADER
fixed length control field 01071cam a22003011 4500
001 - CONTROL NUMBER
JCCL Control Number 10117
003 - CONTROL NUMBER IDENTIFIER
JCCL marc code BD-JhCC
005 - DATE AND TIME OF LATEST TRANSACTION
control field 20180418103916.0
008 - FIXED-LENGTH DATA ELEMENTS--GENERAL INFORMATION
fixed length control field 180417s1947 enkb 000 0 eng c
035 ## - SYSTEM CONTROL NUMBER
system control number (BD-JhCC)10117
035 ## - SYSTEM CONTROL NUMBER
system control number (OCoLC)6260625
040 ## - CATALOGING SOURCE
Original cataloging agency Harvard Univ. Libr.
Transcribing agency OUrC
Modifying agency OCoLC
-- DLC
-- BD-JhCC
041 ## - LANGUAGE CODE
Language code of Book eng
050 00 - LIBRARY OF CONGRESS CALL NUMBER
Classification number D443
Item number .C29 1948
082 00 - DEWEY DECIMAL CLASSIFICATION NUMBER
Classification number 909.82
Author mark and Year CAR 1947
100 1# - MAIN ENTRY--PERSONAL NAME
Personal name Carr, Edward Hallett,
Dates associated with a name 1892-1982.
245 10 - TITLE STATEMENT
Title International relations between the two world wars, 1919-1939 /
260 ## - PUBLICATION, DISTRIBUTION, ETC. (IMPRINT)
Place of publication, distribution, etc London :
Name of publisher, distributor, etc Macmillan,
Date of publication, distribution, etc 1947.
300 ## - PHYSICAL DESCRIPTION
Pagination viii, 302 p. :
Other physical details maps. ;
Dimensions 19 cm.
500 ## - GENERAL NOTE
General note "First published under the title 'International relations since the peace treaties.'"
505 2# - FORMATTED CONTENTS NOTE
Formatted contents note Appendices:--1. The Monroe doctrine.--2. Wilson's fourteen points.--3. Extracts from the Covenant of the League of Nations.
610 20 - SUBJECT ADDED ENTRY--CORPORATE NAME
Corporate name or jurisdiction name as entry element League of Nations.
650 #0 - SUBJECT ADDED ENTRY--TOPICAL TERM
Topical term or geographic name as entry element World politics.
650 #0 - SUBJECT ADDED ENTRY--TOPICAL TERM
Topical term or geographic name as entry element World War, 1914-1918
General subdivision Influence.
651 #0 - SUBJECT ADDED ENTRY--GEOGRAPHIC NAME
Geographic name Europe
General subdivision Politics and government
Chronological subdivision 1918-1945.
942 ## - ADDED ENTRY ELEMENTS (KOHA)
Source of classification or shelving scheme Dewey Decimal Classification
Koha item type Books
Holdings
Source of classification or shelving scheme Damaged status Not for loan Home library Current library Shelving location Date of accession Total Checkouts Full call number Barcode Date last seen Copy number Koha item type
Dewey Decimal Classification     JCC Rouf Library JCC Rouf Library General Stacks 04/17/2018   909.82 CAR 1947 12760 04/18/2018 C-1 Books

JCC Library | Contacts | JCC Home

Last Update on 23 September 2017
Copyright @ 2017-2020 JCC Rouf Library
Rouf Library, Jhenidah Cadet College (JCC), Bangladesh